Top 100 Girls' Names in England and Wales 1914 - Statistics

General Stats
  • This quiz has been taken 313 times
  • The average score is 57 of 100
Answer Stats
# First Letter Name % Correct
77 M Marie
98%
1 M Mary
98%
9 E Elizabeth
95%
2 M Margaret
94%
72 A Ann
93%
36 C Catherine
92%
51 J Jane
89%
38 E Emily
86%
79 E Emma
86%
6 F Florence
82%
42 G Grace
81%
4 D Dorothy
78%
29 J Joan
78%
8 E Edith
77%
75 J Jean
77%
13 A Alice
76%
30 R Rose
76%
31 S Sarah
75%
60 H Helen
74%
67 E Eleanor
73%
90 M Maria
73%
37 F Frances
72%
17 I Ivy
72%
5 K Kathleen
72%
24 E Ellen
70%
81 I Isabella
69%
25 L Lily
69%
3 D Doris
68%
7 E Elsie
68%
61 L Lucy
67%
26 O Olive
67%
58 I Iris
66%
91 J Janet
66%
20 V Violet
66%
28 E Evelyn
65%
70 H Hannah
65%
10 W Winifred
65%
57 A Amy
64%
12 | 55 A Annie
64%
65 B Betty
64%
96 C Charlotte
64%
87 L Laura
64%
16 L Lilian
64%
71 L Lillian
64%
62 R Ruth
64%
53 B Barbara
63%
98 A Amelia
61%
21 I Irene
61%
22 E Edna
59%
48 E Eva
59%
50 N Nancy
59%
99 P Patricia
59%
23 V Vera
59%
11 G Gladys
57%
97 K Kate
57%
47 N Nora
57%
56 N Norah
57%
73 L Louisa
56%
84 M Martha
56%
33 B Beatrice
55%
54 D Daisy
55%
19 E Ethel
53%
39 A Ada
51%
83 E Esther
51%
69 I Ida
51%
14 P Phyllis
49%
35 M May
47%
27 E Eileen
46%
95 J Josephine
46%
46 G Gertrude
45%
63 M Marion
45%
59 D Dora
44%
64 M Maud
44%
85 B Bertha
43%
76 C Clara
43%
15 H Hilda
43%
18 M Marjorie
42%
40 J Jessie
41%
32 N Nellie
41%
88 M Margery
39%
80 M Mildred
39%
34 M Mabel
38%
68 R Ruby
38%
43 A Agnes
37%
86 A Audrey
36%
100 M Millicent
34%
94 E Enid
33%
78 D Doreen
31%
49 J Joyce
28%
52 F Freda
27%
44 C Constance
26%
93 B Beryl
25%
66 M Minnie
25%
45 G Gwendoline
24%
74 B Bessie
21%
82 S Sylvia
21%
41 M Muriel
19%
92 B Bridget
16%
89 R Rosina
9%
No matching quizzes found
Score Distribution
Percent of People with Each Score
Percentile by Number Answered
Your Score History
You have not taken this quiz